List of different Colors Quiz Stats

 Plays Quiz not verified by Sporcle

Support Sporcle.
Go Orange.
Score 0/21 Timer 15:00
0 Plays Today
Hint Answer % Correct
3 letters Red
97.7%
Color of the sunYellow
97.7%
Grass isGreen
97.7%
6 letters starts with PPurple
95.3%
Also a fruitOrange
95.3%
Darkest colorBlack
95.3%
Lightest colorWhite
95.3%
Lighter version of redPink
93%
Mix of dark and light Gray
88.4%
4 letters starts with BBlue
86%
Chocolate colorBrown
83.7%
Hint Answer % Correct
Mix of green and blue starts with TTeal
67.4%
A lighter brownTan
67.4%
A precious stone starts with GGold
62.8%
Starts with S precious stoneSilver
62.8%
A deep purpleViolet
53.5%
Deep purple/redMaroon
46.5%
Starts with Br , A precious stoneBronze
46.5%
Also a calming plantLavender
37.2%
Also a saltwater precious stonePearl
32.6%
A lighter greenMint
32.6%

You're not logged in!

Compare scores with friends on all Sporcle quizzes.
OR
Log In

From the Vault

First Word Rock Songs

by lolshortee

Hey, a song has got to start somewhere.
Remove Ads.
Support Sporcle.
Get the best of Sporcle when you Go Orange. This ad-free experience offers more features, more stats, and more fun while also helping to support Sporcle. Thank you for becoming a member.

Show Comments

Extras

Top Quizzes Today


Score Distribution

Your Account Isn't Verified!

In order to create a playlist on Sporcle, you need to verify the email address you used during registration. Go to your Sporcle Settings to finish the process.

Report this User

Report this user for behavior that violates our Community Guidelines.

Details: